[Event "Waikato Open 2017"]
[Site "Hamilton NZL"]
[Date "2017.08.12"]
[Round "3"]
[White "Steadman, Michael V R"]
[Black "Hague, Ben"]
[Result "0-1"]
[WhiteElo "2194"]
[BlackElo "2326"]
[PlyCount "82"]
[EventDate "2017.08.11"]

1. e4 c5 2. Nf3 Nc6 3. d4 cxd4 4. Nxd4 e5 5. Nb5 d6 6. N1c3 a6 7. Na3 Be7 8.
Nc4 b5 9. Ne3 Nf6 10. g3 O-O 11. Bg2 Be6 12. O-O Rc8 13. a3 Na5 14. Kh1 Nc4 15.
h3 Qd7 16. Kh2 Qa7 17. Qe2 Qb8 18. f4 exf4 19. gxf4 Nxe3 20. Qxe3 Bc4 21. Rd1
Rfe8 22. Qg3 a5 23. Be3 b4 24. axb4 axb4 25. Nb1 Be2 26. Rd2 Bb5 27. Bd4 Nh5
28. Qg4 g6 29. c3 Bf8 30. Ra5 Ng7 31. cxb4 Bc6 32. b5 Bxe4 33. Bxe4 Rxe4 34.
Nc3 Rxc3 35. bxc3 Ne6 36. Qf3 f5 37. Ba7 Qc8 38. b6 Bh6 39. Rb2 Qb7 40. Rb4
Bxf4+ 41. Kg2 Re2+ 0-1

[Event "Waikato Open 2017"]
[Site "Hamilton NZL"]
[Date "2017.08.12"]
[Round "3"]
[White "Hart, Ralph"]
[Black "Polishchuk, Kirill"]
[Result "1-0"]
[WhiteElo "2142"]
[BlackElo "2132"]
[PlyCount "131"]
[EventDate "2017.08.11"]

1. d4 Nc6 2. e4 d5 3. e5 Bf5 4. Nf3 f6 5. Bb5 a6 6. Bxc6+ bxc6 7. O-O Bg4 8. h3
Bxf3 9. Qxf3 e6 10. b3 f5 11. c4 Ne7 12. Ba3 Ng6 13. Bxf8 Nxf8 14. Nc3 h5 15.
Rac1 g5 16. cxd5 cxd5 17. Ne2 Qd7 18. Qc3 Rc8 19. Qc6 Ng6 20. b4 a5 21. b5 Qxc6
22. Rxc6 Kd7 23. g3 Ne7 24. Rc5 Rb8 25. Rfc1 Rhc8 26. Nc3 c6 27. b6 Rxb6 28.
Na4 Rbb8 29. Rxa5 Ke8 30. Nc5 Kf7 31. Rc3 Rb1+ 32. Kg2 g4 33. Ra7 Rcb8 34. Rb3
R1xb3 35. axb3 Rb4 36. Ra4 Rb8 37. h4 f4 38. Ra7 f3+ 39. Kf1 Rb4 40. Ra4 Rb8
41. Ke1 Rb5 42. Kd2 Nf5 43. Ra7+ Kg6 44. Kc3 Ng7 45. Nd7 Kf5 46. Nf8 Ke4 47.
Rf7 Nf5 48. Nd7 Rxb3+ 49. Kxb3 Nxd4+ 50. Kc3 Nb5+ 51. Kd2 d4 52. Nf6+ Kxe5 53.
Nxh5 c5 54. Nf6 Nd6 55. Nxg4+ Kd5 56. Rxf3 e5 57. Nf6+ Kc4 58. h5 Kb4 59. Nd5+
Kc4 60. Nb6+ Kb5 61. Rb3+ Kc6 62. h6 Ne4+ 63. Ke2 Nf6 64. f3 e4 65. fxe4 Nxe4
66. h7 1-0

[Event "Waikato Open 2017"]
[Site "Hamilton NZL"]
[Date "2017.08.12"]
[Round "3"]
[White "Bennett, Hilton P"]
[Black "Punsalan, Vyanla M"]
[Result "1-0"]
[WhiteElo "1900"]
[BlackElo "1854"]
[PlyCount "41"]
[EventDate "2017.08.11"]

1. e4 c5 2. Nc3 d6 3. f4 g6 4. Nf3 Bg7 5. Bc4 e6 6. d3 Ne7 7. Bb3 a6 8. a4 Nbc6
9. O-O O-O 10. Qe1 Qc7 11. f5 exf5 12. Qh4 Ne5 13. Bg5 N7c6 14. Nd5 Qa5 15. h3
Be6 16. Nf6+ Bxf6 17. Bxf6 h5 18. Qg5 Kh7 19. Nh4 fxe4 20. Bxe6 fxe6 21. Nxg6
1-0

[Event "Waikato Open 2017"]
[Site "Hamilton NZL"]
[Date "2017.08.12"]
[Round "3"]
[White "Spain, Graeme A"]
[Black "Gibbons, Robert E"]
[Result "1/2-1/2"]
[WhiteElo "2217"]
[BlackElo "1950"]
[PlyCount "111"]
[EventDate "2017.08.11"]

1. e4 e5 2. Nf3 Nf6 3. Nxe5 d6 4. Nf3 Nxe4 5. Nc3 Nxc3 6. dxc3 Be7 7. Be3 Nc6
8. Qd2 Be6 9. h3 Ne5 10. Be2 Bf6 11. Nd4 Qd7 12. Nxe6 Qxe6 13. b3 O-O 14. O-O
Rfe8 15. Rad1 a6 16. c4 Rad8 17. Rfe1 Qc8 18. Bf1 Nc6 19. g3 Qf5 20. Bg2 Rb8
21. Kh2 h6 22. Kg1 Qa5 23. Qxa5 Nxa5 24. c5 Bc3 25. Rf1 dxc5 26. Rd7 Bd4 27.
Bd5 Kh8 28. Rxc7 f6 29. Bxd4 cxd4 30. Rd1 Rbc8 31. Rxc8 Rxc8 32. Be4 Nc6 33.
Bxc6 Rxc6 34. Rd2 Kg8 35. Kg2 Rc3 36. Kf1 Kf7 37. Ke1 Ke6 38. Rxd4 Rxc2 39. Rd2
Rxd2 40. Kxd2 Kd5 41. Kd3 h5 42. g4 hxg4 43. hxg4 g5 44. a3 Ke5 45. Ke3 f5 46.
gxf5 Kxf5 47. Kf3 a5 48. Kg3 g4 49. f3 gxf3 50. Kxf3 Ke5 51. Ke3 Kd5 52. Kd3 b5
53. Kc3 a4 54. bxa4 bxa4 55. Kb4 Kc6 56. Kxa4 1/2-1/2

[Event "Waikato Open 2017"]
[Site "Hamilton NZL"]
[Date "2017.08.12"]
[Round "3"]
[White "Seabrook, Roy"]
[Black "Ang, Alphaeus Wei Ern"]
[Result "0-1"]
[WhiteElo "1814"]
[BlackElo "2141"]
[PlyCount "86"]
[EventDate "2017.08.11"]

1. e4 d5 2. exd5 Qxd5 3. Nc3 Qd6 4. Bc4 Nf6 5. d3 a6 6. Qf3 Nc6 7. Bf4 e5 8.
Be3 Qb4 9. Nge2 Bg4 10. Qg3 Bxe2 11. Kxe2 Qxb2 12. Nd5 Qxc2+ 13. Bd2 Nxd5 14.
Bxd5 Bb4 15. Bxc6+ bxc6 16. Rhd1 e4 17. Qxg7 O-O-O 18. Qg4+ Rd7 19. Qxe4 Re7
20. Qxe7 Bxe7 21. Rac1 Qxa2 22. Kf1 Rd8 23. Be3 Qb3 24. Rb1 Qd5 25. Ba7 Bc5 26.
Rb8+ Kd7 27. Rb7 Bxa7 28. Rxa7 Qb3 29. Ra1 Qxd3+ 30. Kg1 Rb8 31. h3 Rb1+ 32.
Rxb1 Qxb1+ 33. Kh2 Qb6 34. Ra8 Qxf2 35. Rxa6 c5 36. Ra4 f5 37. Rc4 h5 38. Ra4
h4 39. Ra8 c4 40. Ra4 c3 41. Ra1 c2 42. Rd1+ cxd1=N 43. Kh1 Ne3 0-1

[Event "Waikato Open 2017"]
[Site "Hamilton NZL"]
[Date "2017.08.12"]
[Round "3"]
[White "Timergazi, Layla"]
[Black "Dare, Richard J"]
[Result "0-1"]
[WhiteElo "2073"]
[BlackElo "1890"]
[PlyCount "172"]
[EventDate "2017.08.11"]

1. d4 e6 2. c4 d6 3. Nc3 Nd7 4. e4 g6 5. Nf3 Bg7 6. Bg5 f6 7. Be3 Ne7 8. Bd3 b6
9. Qd2 Bb7 10. Rc1 e5 11. d5 O-O 12. h4 Nc5 13. b4 Nxd3+ 14. Qxd3 a5 15. a3 Bc8
16. c5 axb4 17. axb4 bxc5 18. bxc5 f5 19. c6 Ra5 20. h5 fxe4 21. Qxe4 Bf5 22.
Qc4 Qc8 23. Bg5 Bf6 24. Bxf6 Rxf6 25. Qb4 Rc5 26. g4 Bxg4 27. Nxe5 gxh5 28. Rg1
Qf5 29. Nxg4 hxg4 30. Qxg4+ Qxg4 31. Rxg4+ Kf7 32. Rh4 h6 33. Rd4 Rf3 34. Ne2
Rxc1+ 35. Nxc1 Rf5 36. Nb3 Nxd5 37. Ke2 Ne7 38. Rc4 Re5+ 39. Kf3 Ke6 40. Rc2
Nf5 41. Kf4 h5 42. f3 Ne3 43. Rd2 Nd5+ 44. Kg3 Kf6 45. Nd4 Ne3 46. Kf2 Nf5 47.
Nb3 h4 48. Kg2 Re3 49. Nd4 Nxd4 50. Rxd4 Rc3 51. Rxh4 Rxc6 52. Re4 Kf5 53. Kf2
Rc3 54. Ke2 d5 55. Re8 c5 56. Rf8+ Ke6 57. Kd2 d4 58. f4 Rf3 59. Ke2 Re3+ 60.
Kd2 Kd5 61. f5 Rf3 62. f6 Ke6 63. Rc8 Rf5 64. Rc6+ Kd5 65. Rb6 Kc4 66. Rc6 d3
67. Rd6 Rf2+ 68. Ke3 Re2+ 69. Kf3 Re8 70. f7 Rf8 71. Rd7 Kc3 72. Ke3 c4 73. Ra7
d2 74. Ke2 Kc2 75. Ra2+ Kb3 76. Rxd2 Rxf7 77. Rd6 Rb7 78. Kd2 Kb2 79. Rc6 Rd7+
80. Ke3 c3 81. Rb6+ Kc1 82. Ke2 Rd2+ 83. Ke3 c2 84. Rg6 Rd7 85. Rh6 Rb7 86. Rc6
Kb2 0-1

[Event "Waikato Open 2017"]
[Site "Hamilton NZL"]
[Date "2017.08.12"]
[Round "3"]
[White "Li, Shenyue (Sherry)"]
[Black "Nolan, Graham"]
[Result "1-0"]
[WhiteElo "2038"]
[BlackElo "1663"]
[PlyCount "137"]
[EventDate "2017.08.11"]

1. e4 c6 2. d4 d5 3. exd5 cxd5 4. Bd3 Nc6 5. c3 Nf6 6. Bf4 Bg4 7. Qb3 Qb6 8.
Qxb6 axb6 9. Na3 e6 10. Nb5 Kd7 11. f3 Bh5 12. Nh3 Be7 13. Kd2 Ne8 14. Rhe1 Nd6
15. Nxd6 Bxd6 16. Bxd6 Kxd6 17. Nf4 Bg6 18. Nxg6 hxg6 19. h3 Na5 20. b3 Rh4 21.
Ke3 Rc8 22. Rac1 Nc6 23. f4 Ne7 24. Kf3 Rc7 25. Rc2 Rh8 26. Rec1 Nc6 27. Ke3
Rhc8 28. b4 Ra8 29. Rb1 Ra3 30. Rb3 Ra8 31. Kd2 Ne7 32. a3 Rac8 33. a4 Nc6 34.
Ra2 Ra8 35. Rba3 Rcc8 36. Bb5 Na7 37. Bd3 Nc6 38. a5 bxa5 39. bxa5 Ra7 40. Bb5
Rca8 41. a6 bxa6 42. Rxa6 Rxa6 43. Rxa6 Rxa6 44. Bxa6 Ne7 45. Bb5 Nf5 46. g4
Ng3 47. Bd3 f5 48. Ke3 Ne4 49. c4 dxc4 50. Bxc4 Nf6 51. g5 Nd7 52. Bb5 Nb6 53.
Be8 Nd5+ 54. Kf3 Ne7 55. Ke3 Kd5 56. Bf7 Kd6 57. Kf3 Kd5 58. h4 Nc6 59. Bxg6
Nxd4+ 60. Kf2 Nc6 61. h5 Ne7 62. Bf7 Ke4 63. h6 Kxf4 64. h7 Ng6 65. Bxg6 Kxg5
66. h8=Q Kxg6 67. Qh4 e5 68. Qe7 e4 69. Ke3 1-0

[Event "Waikato Open 2017"]
[Site "Hamilton NZL"]
[Date "2017.08.12"]
[Round "3"]
[White "Van den Heuvel, Arnold"]
[Black "Burns, Christopher J"]
[Result "1/2-1/2"]
[WhiteElo "1828"]
[BlackElo "1969"]
[PlyCount "53"]
[EventDate "2017.08.11"]

1. d4 d5 2. Nf3 Nf6 3. Bf4 c5 4. e3 Qb6 5. Nc3 Bd7 6. Rb1 Nc6 7. Be2 cxd4 8.
exd4 g6 9. O-O Bg7 10. Na4 Qd8 11. Nc5 Bc8 12. c3 Nd7 13. Nxd7 Qxd7 14. Bd3 O-O
15. h3 f6 16. Re1 a6 17. Qd2 Re8 18. Bh6 Bh8 19. c4 e6 20. b3 Nd8 21. cxd5 exd5
22. Rxe8+ Qxe8 23. Re1 Qc6 24. Rc1 Qd7 25. Bf4 Ne6 26. Bg3 b5 27. Qb4 1/2-1/2

[Event "Waikato Open 2017"]
[Site "Hamilton NZL"]
[Date "2017.08.12"]
[Round "3"]
[White "Smith, Robert W"]
[Black "Mistry, Prashant"]
[Result "1-0"]
[WhiteElo "2255"]
[BlackElo "2006"]
[PlyCount "129"]
[EventDate "2017.08.11"]

1. e4 b6 2. d4 Bb7 3. Bd3 e6 4. Nf3 d5 5. e5 c5 6. c3 Nc6 7. O-O h6 8. Re1 Qc7
9. a3 a5 10. Qe2 c4 11. Bc2 a4 12. Nbd2 b5 13. Nf1 O-O-O 14. Ng3 g6 15. h4 Nge7
16. h5 Nf5 17. Nxf5 gxf5 18. Bf4 Bg7 19. g3 Ne7 20. Kh1 Rdg8 21. Nh4 Qd7 22.
Qe3 Bc6 23. Rg1 Qe8 24. Bd1 Bd7 25. Bf3 Bf8 26. Rg2 Kb7 27. Rag1 Bc6 28. Kh2
Nc8 29. Kh3 Be7 30. g4 fxg4+ 31. Rxg4 Rxg4 32. Rxg4 Bf8 33. Bd1 Ne7 34. Qg3 Bd7
35. Kg2 Qd8 36. Bc2 Qa8 37. Kf1 Be8 38. Qg2 Nc6 39. Rg8 Rxg8 40. Qxg8 Be7 41.
Nf3 b4 42. axb4 Nxb4 43. Bb1 Nd3 44. Bxd3 cxd3 45. Nd2 a3 46. bxa3 Bxa3 47.
Bxh6 Bb2 48. Kg2 Bxc3 49. Be3 Qa2 50. Qxe8 Bxd2 51. Qxf7+ Kc6 52. Qxe6+ Kb5 53.
Qd7+ Kb6 54. Qd6+ Ka7 55. Qc7+ Ka6 56. Qd6+ Ka7 57. Qe7+ Kb8 58. Qf8+ Ka7 59.
Qg7+ Ka6 60. Qf8 Ka7 61. Qf7+ Kb8 62. e6 Bb4 63. Bf4+ Ka8 64. Qe8+ Kb7 65. Qb5+
1-0

[Event "Waikato Open 2017"]
[Site "Hamilton NZL"]
[Date "2017.08.12"]
[Round "3"]
[White "Lynn, K William"]
[Black "Marko, Helmut S"]
[Result "0-1"]
[WhiteElo "1845"]
[BlackElo "1935"]
[PlyCount "62"]
[EventDate "2017.08.11"]

1. e4 c5 2. Nc3 g6 3. f4 Bg7 4. Nf3 Nc6 5. Bb5 Nd4 6. Bc4 e6 7. O-O Ne7 8. d3
O-O 9. Be3 d5 10. Bxd4 cxd4 11. Nxd5 exd5 12. Bb3 dxe4 13. dxe4 Qb6 14. Kh1 Be6
15. Qe1 Bxb3 16. axb3 a6 17. Qh4 f6 18. Rad1 Nc6 19. g4 Qc7 20. f5 g5 21. Qf2
Rad8 22. Rd3 Qf4 23. h3 Qxe4 24. Re1 Qf4 25. Qg2 Rfe8 26. Red1 Re3 27. c3 Rde8
28. cxd4 Rxd3 29. Rxd3 Qe4 30. Rd2 Nb4 31. Qf1 b5 0-1